000 00295nam a22001337a 4500
008 170519b xxu||||| |||| 00| 0 eng d
020 _a9780130929075
041 _aeng
080 _a94(6)
100 _a16
101 _ashh
245 _aAFRICA IN WORLD HISTORY
_cGILBERT, E
942 _2udc
_cBK
999 _c13497
_d13497